<The> theory of general economic equilibrium <A> differentiable approach

Gespeichert in:
Bibliographische Detailangaben
1. Verfasser: Mas-Colell, Andreu
Format: Buch
Sprache:Englisch
Veröffentlicht: Cambridge Cambridge University Press 1989
Ausgabe:1. ed.
Schriftenreihe:Econometric Society Publication No. 9
Schlagworte:
Tags: Tag hinzufügen
Keine Tags, Fügen Sie das erste Tag hinzu!

MARC

LEADER 00000nam a2200000 4500
001 c013508
005 20221215114540.4
020 |a 0-521-38870-8 
041 0 |a eng 
044 |a US 
245 1 0 |a <The> theory of general economic equilibrium  |b <A> differentiable approach  |c Andreu Mas-Colell 
250 |a 1. ed. 
264 1 |a Cambridge  |b Cambridge University Press  |c 1989 
300 |a 373 s. 
490 1 |a Econometric Society Publication  |v No. 9 
830 0 |a Econometric Society Publication  |v No. 9 
610 2 0 |a rovnováha hospodárska 
610 2 0 |a teória rovnováhy ekonomickej 
610 2 0 |a ekonometria 
100 1 |a Mas-Colell, Andreu